Acteurs par rôle - Statistiques

Statistiques générales
  • Ce quiz a été pris 317 fois
  • Le résultat moyen est 9 sur 19
Statistiques - réponses
Roles Actor % Correct
Pilote de chasse, agent de sportifs, vétéran du vietnam paralysé Tom Cruise
82%
Pirate, chapelier fou, flic infiltré dans la mafia new yorkaise Johnny Depp
80%
Génie en mathématiques, exploreur sur Mars, espion amnésique Matt Damon
73%
Demi-dieu hawaiien, héros grec, sauveteur en maillot de bain rouge Dwayne Johnson
62%
Riche propriétaire d'esclaves, adolescent artiste et escroc, pilote sexy et séducteur Leonardo DiCaprio
62%
Animateur radio excentrique, nourrice britannique, Génie Robin Williams
62%
Gangster récitant la Bible, chevalier Jedi, agent secret avec un cache-oeil Samuel L. Jackson
60%
Escortgirl à Hollywood, plaideuse environementale, voleuse de fiancé Julia Roberts
52%
Politicienne britanique, directrice de mode démoniaque, divorcée se battant pour la garde de ses enfants Meryl Streep
52%
Chasseur de fantômes, journaliste qui revit sans cesse la même journée, lui-même tué pour s'être déguisé en zombie Bill Murray
39%
Flic de San Francisco dur à cuir, cowboy sans nom habillé d'un poncho, photographe pour National Geographic Clint Eastwood
36%
Ange déchu qui veut retouner au Paradis, superhéros aveugle, mari accusé de meutre Ben Affleck
32%
Elfe, Reine Elizabeth, amoureuse d'un homme qui rajeunit Cate Blanchett
32%
Ancien néo-nazi, superhéros vert et volumineux, bagareur à la double personnalité Edward Norton
31%
Casseur de code gay, méchant extra-terrestre, ancien chirurgien gardien d'une pierre verte Benedict Cumberbatch
28%
Militant noir assassiné, pilote de ligne alcoolique qui sauve ses passagers, commandant en second d'un sous-marin nucléaire Denzel Washington
27%
petit escroc cubain qui veut que le monde soit à lui, lieutenant-colonel aveugle qui aime les femmes raffinées, flic acharné qui n'est que ce qu'il poursuit Al Pacino
24%
Homme à l'interieur d'un jeu, mec paresseux qui aime jouer au bowling, ancien de l'IRA devenu démineur Jeff Bridges
18%
Traque l'assassin de sa fille, offre à son frère un jeu trés dangereux, homme politique gay assassiné Sean Penn
15%
Aucun quiz correspondant
Distribution des résultats
% des personnes avec chaque résultat
Percentile par nombre de réponses
Votre historique - résultats
Vous n’avez pas pris ce quiz